[Event "Saarland-ch B 89th"]
[Site "Stennweiler"]
[Date "2014.04.16"]
[Round "6"]
[White "Lauer, Lars"]
[Black "Lessmeister, Ian"]
[Result "1/2-1/2"]
[WhiteElo "995"]
[BlackElo "1522"]
[PlyCount "68"]
[EventDate "2014.04.11"]
[EventType "swiss"]
[EventRounds "9"]
[EventCountry "GER"]
[SourceTitle "EXT 2016"]
[Source "ChessBase"]
[SourceDate "2015.10.08"]
[SourceVersion "1"]
[SourceVersionDate "2015.10.08"]
[SourceQuality "1"]

1. d4 d5 2. c4 Nf6 3. Nc3 c6 4. Bf4 Bf5 5. e3 e6 6. Nf3 Be7 7. a3 0-0 8. Be2 Nbd7 9. 0-0 Ne4 10. cxd5 Nxc3 11. bxc3 cxd5 12. Bd3 Bxd3 13. Qxd3 Nb6 14. Ne5 Qc8 15. Rfb1 Nc4 16. Nxc4 dxc4 17. Qe4 b6 18. h3 Qd7 19. a4 Qd5 20. Qxd5 exd5 21. Rb5 Rfd8 22. a5 a6 23. Rxb6 h6 24. g4 Rd7 25. Kg2 Bd8 26. Rd6 Rxd6 27. Bxd6 Ra7 28. Bb4 f6 29. f4 Kf7 30. f5 Rb7 31. Kf3 Be7 32. Rb1 Bxb4 33. Rxb4 Rxb4 34. cxb4 Ke7 1/2-1/2

[Event "Saarland-ch B 89th"]
[Site "Stennweiler"]
[Date "2014.04.11"]
[Round "1"]
[White "Ewerhardy, Moritz"]
[Black "Lauer, Lars"]
[Result "1/2-1/2"]
[WhiteElo "1244"]
[BlackElo "995"]
[PlyCount "56"]
[EventDate "2014.04.11"]
[EventType "swiss"]
[EventRounds "9"]
[EventCountry "GER"]
[SourceTitle "EXT 2016"]
[Source "ChessBase"]
[SourceDate "2015.10.08"]
[SourceVersion "1"]
[SourceVersionDate "2015.10.08"]
[SourceQuality "1"]

1. e4 e5 2. Nf3 Nc6 3. Bc4 Nf6 4. d3 d5 5. exd5 Nxd5 6. Qe2 f6 7. a3 Bg4 8. Qe4 Be6 9. 0-0 Qd7 10. Bd2 0-0-0 11. Nc3 Nxc3 12. Bxc3 Bxc4 13. Qxc4 g5 14. b4 Qd5 15. Qe4 Qxe4 16. dxe4 g4 17. Nd2 h5 18. Nb3 Bh6 19. Rad1 Bf4 20. Nc5 Rxd1 21. Rxd1 Rd8 22. Rxd8+ Nxd8 23. Kf1 b6 24. Nd3 Bg5 25. Ke2 Nf7 26. Bd2 Kd7 27. Bxg5 Nxg5 28. Ke3 Kd6 1/2-1/2